00305nam a2200109Ia 4500008004000000082001800040100001900058245005900077260004200136300000800178650000900186210210b1976 xxu||||| |||| 00| 0 eng d a613.7046 GUYY aGUYOT (Felix). aYoga: the art and science of self mastery for success. aDelhibA Universal Publication.c1976 a191 aYoga